2025 NFL Punters - Statistics

General Stats
  • This quiz has been taken 6 times
  • The average score is 15 of 38
Answer Stats
Hint Answer % Correct
DET Jack Fox
67%
NYG Jamie Gillan
67%
DEN Jeremy Crawshaw
67%
SFO Thomas Morstead
67%
WAS Tress Way
67%
LVR AJ Cole III
50%
PHI Braden Mann
50%
DAL Bryan Anger
50%
CLE Corey Bojorquez
50%
LAR Ethan Evans
50%
JAX Logan Cooke
50%
KAN Matt Araiza
50%
SEA Michael Dickson
50%
BUF Mitch Wishnowsky
50%
IND Rigoberto Sanchez
50%
CIN Ryan Rehkow
50%
MIN Ryan Wright
50%
HOU Tommy Townsend
50%
CHI Tory Taylor
50%
ATL Bradley Pinion
33%
NWE Bryce Baringer
33%
PIT Corliss Waitman
33%
GNB Daniel Whelan
33%
MIA Jake Bailey
33%
LAC JK Scott
33%
TEN Johnny Hekker
33%
BAL Jordan Stout
33%
ARI Matt Haack
33%
CAR Sam Martin
33%
NYJ Austin McNamara
17%
ARI Blake Gillikin
17%
BUF Brad Robbins
17%
NOR Kai Kroeger
17%
TAM Riley Dixon
17%
NYG Cameron Johnston
0%
BUF Cameron Johnston
0%
LVR Daniel Carlson
0%
ARI Pat O'Donnell
0%
No matching quizzes found
Score Distribution
Percent of People with Each Score
Percentile by Number Answered
Your Score History
You have not taken this quiz